[Event "Olomouc Chess Summer 2012 - Valoz Cup"]
[Site "Olomouc (CZE), Hotel Flora"]
[Date "2012.08.02"]
[Round "2.1"]
[White "Givon, Asaf"]
[Black "Bures, Jaroslav"]
[Result "1/2-1/2"]
[WhiteElo "2340"]
[BlackElo "2392"]
[PlyCount "41"]
[EventDate "2012.08.01"]

1. e4 c6 2. d4 d5 3. Nd2 dxe4 4. Nxe4 Bf5 5. Nc5 e5 6. Nxb7 Qb6 7. Nc5 exd4 8.
Nb3 c5 9. Bd3 Bxd3 10. cxd3 Nf6 11. Ne2 Bd6 12. O-O O-O 13. Nd2 Qc7 14. Ng3 Nc6
15. Nc4 Ne5 16. Nxe5 Bxe5 17. Qf3 c4 18. dxc4 Qxc4 19. Re1 Rfe8 20. Bg5 Qd5 21.
Qxd5 1/2-1/2

[Event "Olomouc Chess Summer 2012 - Valoz Cup"]
[Site "Olomouc (CZE), Hotel Flora"]
[Date "2012.08.02"]
[Round "2.3"]
[White "Chernyshov, Konstantin"]
[Black "Ben Artzi, Ido"]
[Result "1/2-1/2"]
[WhiteElo "2534"]
[BlackElo "2268"]
[PlyCount "64"]
[EventDate "2012.08.01"]

1. Nf3 Nf6 2. b3 g6 3. Bb2 Bg7 4. c4 c5 5. Nc3 O-O 6. e3 Nc6 7. Be2 b6 8. O-O
Bb7 9. Qb1 d5 10. cxd5 Nxd5 11. Nxd5 Qxd5 12. Bxg7 Kxg7 13. Qb2+ Kg8 14. Rad1
Rad8 15. Bc4 Qh5 16. h3 Rd6 17. a3 a5 18. Qc3 Rfd8 19. Rfe1 e6 20. Be2 Qh6 21.
Rb1 Qg7 22. Rec1 e5 23. Bc4 e4 24. Ng5 Qxc3 25. Bxf7+ Kg7 26. dxc3 Ne5 27. Ne6+
Kxf7 28. Rd1 Rxd1+ 29. Rxd1 Nd3 30. a4 Kxe6 31. c4 Bc6 32. Kf1 Ke7 1/2-1/2

[Event "Olomouc Chess Summer 2012 - Valoz Cup"]
[Site "Olomouc (CZE), Hotel Flora"]
[Date "2012.08.02"]
[Round "2.6"]
[White "Bae, Torstein"]
[Black "Duda, Jan-Krzysztof"]
[Result "1/2-1/2"]
[WhiteElo "2420"]
[BlackElo "2411"]
[PlyCount "122"]
[EventDate "2012.08.01"]

1. e4 c5 2. Nf3 d6 3. d4 cxd4 4. Nxd4 Nf6 5. Nc3 a6 6. Be2 e5 7. Nb3 Be7 8. Be3
Be6 9. O-O O-O 10. f4 exf4 11. Rxf4 Nc6 12. Nd5 Nd7 13. Nxe7+ Qxe7 14. Nd4 Rac8
15. c4 Rfe8 16. Qd2 Nxd4 17. Qxd4 Ne5 18. b3 Bd7 19. Rd1 Ng6 20. Rf2 Bc6 21.
Qxd6 Qxe4 22. Bb6 Ne5 23. Qd4 Qg6 24. Qf4 Bxg2 25. Rxg2 Qxb6+ 26. Kh1 Rc6 27.
Rd5 Rce6 28. Qd2 Ng6 29. Rdg5 Re3 30. R5g3 Rxg3 31. hxg3 Ne5 32. Qd5 Qh6+ 33.
Kg1 Qe3+ 34. Kh1 Nc6 35. Qd7 Nd4 36. Bg4 Qe4 37. Kh2 f5 38. Bh5 Rf8 39. Rd2 Nc6
40. Re2 Nb8 41. Qe7 Qc6 42. Re6 Qc8 43. Bf3 Nc6 44. Qc5 f4 45. gxf4 Qc7 46. Qd6
Qxd6 47. Rxd6 Rxf4 48. Bd5+ Kf8 49. Rd7 Nb4 50. Rxb7 Nxd5 51. cxd5 Rd4 52. Ra7
Rd2+ 53. Kg3 Rxa2 54. Kf4 Rb2 55. d6 Ke8 56. Rxg7 Rxb3 57. Rxh7 Rb5 58. Ra7 Rd5
59. Rxa6 Kd7 60. Ke4 Rxd6 61. Rxd6+ Kxd6 1/2-1/2

[Event "Olomouc Chess Summer 2012 - Prima Pack C"]
[Site "Olomouc (CZE), Hotel Flora"]
[Date "2012.08.02"]
[Round "2.1"]
[White "Ptacnikova, Lenka"]
[Black "Bjerke, Silje"]
[Result "0-1"]
[WhiteElo "2281"]
[BlackElo "2235"]
[PlyCount "74"]
[EventDate "2012.08.01"]

1. c4 Nf6 2. g3 g6 3. Bg2 Bg7 4. Nc3 O-O 5. d3 d6 6. e4 e5 7. Nge2 Nbd7 8. O-O
a5 9. h3 Nc5 10. Be3 c6 11. b3 Qe7 12. Qd2 Bd7 13. Rac1 b5 14. cxb5 cxb5 15.
Bg5 Ne6 16. Nd5 Qd8 17. Nxf6+ Bxf6 18. Be3 b4 19. d4 Bb5 20. d5 Nd4 21. Nxd4
exd4 22. Bxd4 Bxf1 23. Bxf1 Re8 24. Qb2 Bxd4 25. Qxd4 Qe7 26. Re1 Qd7 27. Bc4
Qxh3 28. Qf6 Re5 29. Bf1 Qd7 30. f4 Rh5 31. Be2 Qa7+ 32. Kg2 Rh2+ 33. Kxh2 Qf2+
34. Kh3 Qxe1 35. Bf3 Qc3 36. e5 Qxf3 37. e6 Qh1+ 0-1

[Event "Olomouc Chess Summer 2012 - Prima Pack C"]
[Site "Olomouc (CZE), Hotel Flora"]
[Date "2012.08.02"]
[Round "2.2"]
[White "Saduakassova, Dinara"]
[Black "Klima, Lukas"]
[Result "1/2-1/2"]
[WhiteElo "2216"]
[BlackElo "2372"]
[PlyCount "26"]
[EventDate "2012.08.01"]

1. d4 d5 2. c4 c6 3. Nf3 Nf6 4. e3 e6 5. Bd3 dxc4 6. Bxc4 b5 7. Bd3 Bb7 8. a4
Ba6 9. O-O Nbd7 10. e4 Be7 11. Nbd2 Qc7 12. Qe2 Rd8 13. Re1 e5 1/2-1/2

[Event "Olomouc Chess Summer 2012 - Prima Pack C"]
[Site "Olomouc (CZE), Hotel Flora"]
[Date "2012.08.02"]
[Round "2.3"]
[White "Biolek, Richard"]
[Black "Jurek, Josef"]
[Result "1/2-1/2"]
[WhiteElo "2446"]
[BlackElo "2318"]
[PlyCount "27"]
[EventDate "2012.08.01"]

1. Nf3 Nf6 2. c4 b6 3. g3 Bb7 4. Bg2 e6 5. d4 Be7 6. O-O O-O 7. Nc3 Ne4 8. Qc2
Nxc3 9. Qxc3 c5 10. b3 cxd4 11. Nxd4 Bxg2 12. Kxg2 Nc6 13. Nxc6 dxc6 14. Bb2
1/2-1/2

[Event "Olomouc Chess Summer 2012 - Prima Pack C"]
[Site "Olomouc (CZE), Hotel Flora"]
[Date "2012.08.02"]
[Round "2.4"]
[White "Villegas, Pierre"]
[Black "Bartos, Jan"]
[Result "1/2-1/2"]
[WhiteElo "2249"]
[BlackElo "2211"]
[PlyCount "79"]
[EventDate "2012.08.01"]

1. d4 d5 2. Bf4 Nf6 3. e3 g6 4. Nf3 Bg7 5. Be2 O-O 6. O-O Nbd7 7. c4 c5 8. Nc3
cxd4 9. exd4 dxc4 10. Bxc4 Nb6 11. Bb3 Nbd5 12. Be5 b6 13. Bxf6 Nxf6 14. d5 Bb7
15. Qd2 a6 16. Rad1 Ne8 17. Rfe1 Nd6 18. Na4 Rc8 19. Rc1 Rxc1 20. Rxc1 Ne4 21.
Qb4 b5 22. Qxe4 bxa4 23. Qxa4 Bxd5 24. Bxd5 Qxd5 25. b3 Bb2 26. Qc4 Rd8 27.
Qxd5 Rxd5 28. Rc8+ Kg7 29. Kf1 e5 30. Ke2 a5 31. Nd2 h6 32. Nc4 Bc3 33. Rc6 f5
34. a4 e4 35. Rb6 Bb4 36. Rb5 Rd3 37. Nxa5 Bxa5 38. Rxa5 Rxb3 39. g3 Ra3 40. h4
1/2-1/2

[Event "Olomouc Chess Summer 2012 - Prima Pack C"]
[Site "Olomouc (CZE), Hotel Flora"]
[Date "2012.08.02"]
[Round "2.5"]
[White "Chernyshova, Natalia"]
[Black "Obsivac, Josef"]
[Result "0-1"]
[WhiteElo "2080"]
[BlackElo "2280"]
[PlyCount "136"]
[EventDate "2012.08.01"]

1. d4 c5 2. d5 Nf6 3. c4 e5 4. Nc3 d6 5. e4 Be7 6. g3 h5 7. h4 a6 8. a4 Nbd7 9.
Be2 b6 10. Nh3 g6 11. Be3 Ra7 12. Ng5 Nf8 13. f3 N8h7 14. Qd2 Nd7 15. Nxh7 Rxh7
16. Bd3 Bf6 17. Ne2 Rb7 18. Kf2 Bg7 19. Kg2 Qe7 20. Ra3 Qf8 21. Rb3 a5 22. Nc3
Bh6 23. Nb5 Bxe3 24. Qxe3 Qe7 25. Qg5 Nf6 26. f4 Ng4 27. Qxe7+ Kxe7 28. Be2 Bd7
29. Bxg4 hxg4 30. Nc3 Rh5 31. Ra3 Rb8 32. Ne2 Re8 33. Re1 Kd8 34. Re3 Bxa4 35.
b3 Bd7 36. Kf2 Kc7 37. fxe5 Rhxe5 38. Nf4 R5e7 39. Nd3 f6 40. Nf4 Rg7 41. Ke2
Ra8 42. Kd2 Kd8 43. R3e2 Ke7 44. Rf2 a4 45. Ra1 Rgg8 46. h5 gxh5 47. Nxh5 axb3
48. Nxf6 Rgf8 49. Rxa8 Rxa8 50. Kc3 Rf8 51. e5 dxe5 52. Ne4 Rf3+ 53. Kb2 Bf5
54. Re2 Bxe4 55. Rxe4 Rxg3 56. Rxe5+ Kd7 57. Re6 b5 58. cxb5 c4 59. Rc6 Rg2+
60. Kb1 Rg1+ 61. Kb2 Rg2+ 62. Kb1 g3 63. b6 Rg1+ 64. Kb2 g2 65. b7 Rb1+ 66. Kc3
Rc1+ 67. Kb2 Rc2+ 68. Ka3 Ra2+ 0-1

[Event "Olomouc Chess Summer 2012 - Open Olomouc"]
[Site "Olomouc (CZE), Hotel Flora"]
[Date "2012.08.02"]
[Round "1.1"]
[White "Zilka, Stepan"]
[Black "Molnar, Erno"]
[Result "1-0"]
[WhiteElo "2517"]
[BlackElo "1919"]
[PlyCount "43"]
[EventDate "2012.08.02"]

1. d4 d5 2. c4 e6 3. Nf3 Nf6 4. g3 c5 5. cxd5 Nxd5 6. Bg2 Be7 7. O-O O-O 8. e4
Nb6 9. dxc5 Bxc5 10. Qc2 Qe7 11. e5 h6 12. Nc3 Bd7 13. Bxh6 gxh6 14. Ne4 Rc8
15. Nf6+ Kf8 16. Qh7 Qd8 17. b4 Bxb4 18. Rab1 Ba5 19. Nh4 Bc6 20. Qh8+ Ke7 21.
Ng6+ fxg6 22. Qg7# 1-0

[Event "Olomouc Chess Summer 2012 - Open Olomouc"]
[Site "Olomouc (CZE), Hotel Flora"]
[Date "2012.08.02"]
[Round "1.2"]
[White "Bohman, Leif"]
[Black "Plat, Vojtech"]
[Result "0-1"]
[WhiteElo "1912"]
[BlackElo "2480"]
[PlyCount "61"]
[EventDate "2012.08.02"]

1. d4 d6 2. Nf3 Nf6 3. c3 Nbd7 4. Bf4 g6 5. e3 Bg7 6. Be2 O-O 7. h3 c6 8. Nbd2
a6 9. a4 b6 10. O-O Bb7 11. Re1 Re8 12. Bh2 b5 13. Bf1 e5 14. dxe5 dxe5 15. e4
Qc7 16. Qc2 Nh5 17. Rad1 Nc5 18. b3 Rad8 19. Nb1 Nf4 20. g3 Nfe6 21. Rxd8 Rxd8
22. Nfd2 Qd7 23. a5 Ng5 24. h4 Nh3+ 25. Kg2 Bh6 26. b4 Bxd2 27. Rd1 Nxe4 28. f3
Nhf2 29. Rxd2 Nxd2 30. Kxf2 Nxf1 31. Qd1 0-1

[Event "Olomouc Chess Summer 2012 - Open Olomouc"]
[Site "Olomouc (CZE), Hotel Flora"]
[Date "2012.08.02"]
[Round "1.3"]
[White "Sivuk, Vitaly"]
[Black "Pavlovskij, Roman"]
[Result "1-0"]
[WhiteElo "2480"]
[BlackElo "1892"]
[PlyCount "53"]
[EventDate "2012.08.02"]

1. e4 d5 2. exd5 Nf6 3. c4 e6 4. d4 Bb4+ 5. Nc3 exd5 6. Bd3 O-O 7. Nge2 c5 8.
O-O cxd4 9. Nxd4 Na6 10. Bg5 Bxc3 11. bxc3 dxc4 12. Bxc4 Nc5 13. Re1 h6 14. Bh4
a6 15. Qc2 b5 16. Nc6 Qd6 17. Ne7+ Kh8 18. Rad1 Qb6 19. Nd5 Nxd5 20. Bxd5 Ra7
21. Be7 Rxe7 22. Rxe7 Ne6 23. Qf5 Ng5 24. Qe5 Ne6 25. Bxe6 Bxe6 26. Rd6 Qa5 27.
Rdxe6 1-0

[Event "Olomouc Chess Summer 2012 - Open Olomouc"]
[Site "Olomouc (CZE), Hotel Flora"]
[Date "2012.08.02"]
[Round "1.4"]
[White "Szucs, Matyas"]
[Black "Kanovsky, David"]
[Result "0-1"]
[WhiteElo "1887"]
[BlackElo "2441"]
[PlyCount "52"]
[EventDate "2012.08.02"]

1. d4 Nf6 2. Nf3 c5 3. e3 g6 4. g3 Bg7 5. Bg2 O-O 6. O-O d5 7. b3 Nc6 8. Bb2
Ne4 9. Ne5 Qc7 10. f3 Nxe5 11. fxe4 Ng4 12. Qd3 dxe4 13. Bxe4 Nf6 14. Bg2 cxd4
15. exd4 Bf5 16. Rxf5 gxf5 17. Qxf5 e6 18. Qd3 Rac8 19. c4 b5 20. c5 Rfd8 21.
b4 Nd5 22. Bxd5 Rxd5 23. Na3 a6 24. Nc2 Rcd8 25. Qe2 Qc6 26. Qf3 Rxc5 0-1

[Event "Olomouc Chess Summer 2012 - Open Olomouc"]
[Site "Olomouc (CZE), Hotel Flora"]
[Date "2012.08.02"]
[Round "1.5"]
[White "Narayanan, Srinath"]
[Black "Majerik, Vladimir"]
[Result "1-0"]
[WhiteElo "2399"]
[BlackElo "1881"]
[PlyCount "43"]
[EventDate "2012.08.02"]

1. e4 c6 2. d4 d5 3. Nc3 dxe4 4. Nxe4 Nf6 5. Nxf6+ gxf6 6. g3 Qd5 7. Nf3 Bg4 8.
Bg2 e6 9. O-O Qh5 10. Re1 Nd7 11. Qd3 O-O-O 12. Nh4 Qa5 13. c3 Be7 14. a4 f5
15. b4 Qc7 16. h3 Bxh4 17. hxg4 Bf6 18. Bf4 e5 19. dxe5 Bxe5 20. Bxe5 Nxe5 21.
Qxf5+ Qd7 22. Qxe5 1-0

[Event "Olomouc Chess Summer 2012 - Open Olomouc"]
[Site "Olomouc (CZE), Hotel Flora"]
[Date "2012.08.02"]
[Round "1.6"]
[White "Ruzicka, Marek"]
[Black "Dolezal, Radoslav"]
[Result "0-1"]
[WhiteElo "1881"]
[BlackElo "2374"]
[PlyCount "70"]
[EventDate "2012.08.02"]

1. e4 c6 2. d4 d5 3. f3 e6 4. g3 Nf6 5. e5 Nfd7 6. c3 c5 7. Be3 Qb6 8. Qb3 c4
9. Qxb6 axb6 10. Nd2 b5 11. b4 cxb3 12. Nxb3 b4 13. c4 Nb6 14. c5 Nc4 15. Bd2
Nc6 16. Bd3 Be7 17. f4 O-O 18. Nf3 b6 19. cxb6 Ba6 20. Ke2 Rfb8 21. Rhc1 Rxb6
22. Be3 h6 23. h4 h5 24. Nfd2 Nb2 25. Bxa6 Rbxa6 26. Rc2 Na4 27. Nb1 Bf8 28.
Bd2 Na7 29. Ke3 Nb5 30. Kd3 Kh7 31. Be1 Kg6 32. Ke3 Nb6 33. N1d2 Na3 34. Rc7
Nac4+ 35. Nxc4 dxc4 0-1

[Event "Olomouc Chess Summer 2012 - Open Olomouc"]
[Site "Olomouc (CZE), Hotel Flora"]
[Date "2012.08.02"]
[Round "1.7"]
[White "Gagarin, Vasilij"]
[Black "Muller, Leo"]
[Result "1-0"]
[WhiteElo "2372"]
[BlackElo "1877"]
[PlyCount "55"]
[EventDate "2012.08.02"]

1. d4 d5 2. c4 e6 3. Nc3 Nf6 4. cxd5 exd5 5. Bg5 Be7 6. e3 O-O 7. Bd3 c6 8. Qc2
h6 9. Bh4 Bg4 10. f3 Be6 11. Nge2 Nh5 12. Bf2 Bh4 13. g3 Be7 14. g4 Nf6 15. h4
Bxg4 16. fxg4 Nxg4 17. Nf4 Re8 18. Bh7+ Kh8 19. Bf5 Nxe3 20. Bxe3 Bxh4+ 21. Kd2
Qe7 22. Rh3 Bg5 23. Rg1 Kg8 24. Nfxd5 cxd5 25. Bxg5 hxg5 26. Rgh1 g6 27. Rh8+
Kg7 28. R1h7+ 1-0

[Event "Olomouc Chess Summer 2012 - Open Olomouc"]
[Site "Olomouc (CZE), Hotel Flora"]
[Date "2012.08.02"]
[Round "1.8"]
[White "Snehota, Martin"]
[Black "Piscopo, Pierluigi"]
[Result "0-1"]
[WhiteElo "1876"]
[BlackElo "2364"]
[PlyCount "64"]
[EventDate "2012.08.02"]

1. e4 c5 2. Nf3 d6 3. d4 Nf6 4. Nc3 cxd4 5. Nxd4 Bd7 6. Bc4 Nc6 7. f3 e6 8. Be3
a6 9. Qd2 b5 10. Bb3 Na5 11. g4 Be7 12. Rg1 O-O 13. O-O-O b4 14. Nce2 Nxb3+ 15.
axb3 a5 16. Nf5 exf5 17. gxf5 Kh8 18. Bd4 Rg8 19. Nf4 a4 20. bxa4 Rxa4 21. b3
Ra2 22. Qg2 Bc6 23. Qh3 Qa5 24. Rg6 Bxe4 25. fxe4 Rc8 26. Rg2 Qa3+ 27. Kd2
Rcxc2+ 28. Ke1 Rxg2 29. Nxg2 Qa8 30. Bxf6 Qxe4+ 31. Ne3 Bxf6 32. Rxd6 Bc3+ 0-1

[Event "Olomouc Chess Summer 2012 - Open Olomouc"]
[Site "Olomouc (CZE), Hotel Flora"]
[Date "2012.08.02"]
[Round "1.9"]
[White "Kireev, Aleksei"]
[Black "Bonacic, Jascha"]
[Result "1-0"]
[WhiteElo "2345"]
[BlackElo "1873"]
[PlyCount "75"]
[EventDate "2012.08.02"]

1. d4 g6 2. Nf3 Bg7 3. c3 Nf6 4. Bf4 O-O 5. Nbd2 d5 6. h3 b6 7. e3 Bb7 8. Be2
Nbd7 9. O-O c5 10. a4 a6 11. Re1 Rc8 12. Ne5 Re8 13. Qb3 Nxe5 14. Bxe5 Nd7 15.
Bxg7 Kxg7 16. Bf3 c4 17. Qb4 f5 18. b3 a5 19. Qa3 cxb3 20. Qxb3 Qc7 21. Rec1 e6
22. c4 dxc4 23. Rxc4 Qb8 24. Rac1 Ba6 25. Rxc8 Rxc8 26. Rxc8 Qxc8 27. Qxe6 Qc1+
28. Kh2 Qxd2 29. Qxd7+ Kh6 30. Kg3 Be2 31. Bc6 Bd1 32. d5 f4+ 33. exf4 Qc3+ 34.
Kh2 Qd4 35. Qf7 Qxf2 36. d6 Qh4 37. Qf8+ Kh5 38. g3 1-0

[Event "Olomouc Chess Summer 2012 - Open Olomouc"]
[Site "Olomouc (CZE), Hotel Flora"]
[Date "2012.08.02"]
[Round "1.10"]
[White "Rieping, Heiner"]
[Black "Piankov, Evgenij"]
[Result "1/2-1/2"]
[WhiteElo "1861"]
[BlackElo "2338"]
[PlyCount "86"]
[EventDate "2012.08.02"]

1. e4 c6 2. d4 d5 3. e5 Bf5 4. Ne2 e6 5. Ng3 Bg6 6. h4 h6 7. h5 Bh7 8. Bd3 Bxd3
9. Qxd3 Qa5+ 10. c3 Qa6 11. Qxa6 Nxa6 12. O-O c5 13. Be3 Rc8 14. Nd2 Ne7 15. f4
g6 16. hxg6 fxg6 17. Nf3 Nf5 18. Nxf5 gxf5 19. Rac1 Kd7 20. dxc5 Bxc5 21. Nd4
Rhg8 22. Kf2 Rg4 23. Rh1 Rcg8 24. Rcg1 Bxd4 25. cxd4 Nb4 26. Rxh6 Nd3+ 27. Kf3
Nxb2 28. Rh7+ Kc8 29. Bf2 Nc4 30. g3 R8g7 31. Rgh1 Kd7 32. Be1 b5 33. Rh8 R4g6
34. Ra8 Kc6 35. Rhh8 Nb6 36. Rad8 Rd7 37. Rxd7 Nxd7 38. Ba5 Nb6 39. Rh7 Nd7 40.
Rh8 Nb6 41. Rh7 Nd7 42. Rh8 Nb6 43. Rh7 Nd7 1/2-1/2

[Event "Olomouc Chess Summer 2012 - Open Olomouc"]
[Site "Olomouc (CZE), Hotel Flora"]
[Date "2012.08.02"]
[Round "1.12"]
[White "Vaculik, Jakub"]
[Black "Jasny, Stanislav"]
[Result "0-1"]
[WhiteElo "1850"]
[BlackElo "2308"]
[PlyCount "80"]
[EventDate "2012.08.02"]

1. d4 Nf6 2. Nf3 g6 3. c4 d6 4. Nc3 Nbd7 5. e4 e5 6. d5 Bg7 7. Be2 O-O 8. h3
Nc5 9. Qc2 a5 10. Be3 Qe7 11. Nd2 Bd7 12. b3 c6 13. Bxc5 dxc5 14. Nf1 cxd5 15.
cxd5 Ne8 16. g4 Nd6 17. Ng3 Rac8 18. Nd1 b5 19. Ne3 Bh6 20. Qc3 Bf4 21. Bf3 b4
22. Qd3 Bb5 23. Nc4 Qh4 24. Be2 a4 25. Kf1 Bxc4 26. bxc4 Kh8 27. Kg2 Rg8 28.
Qc2 a3 29. Bd3 Qg5 30. Ne2 f5 31. Nxf4 Qxf4 32. f3 Rcf8 33. Rhf1 fxg4 34. fxg4
Qe3 35. Rae1 Qd4 36. Rf2 Kg7 37. Ref1 Rxf2+ 38. Qxf2 Qxf2+ 39. Rxf2 Rb8 40. g5
b3 0-1

[Event "Olomouc Chess Summer 2012 - Open Olomouc"]
[Site "Olomouc (CZE), Hotel Flora"]
[Date "2012.08.02"]
[Round "1.13"]
[White "Gagare, Shardul"]
[Black "Preiser, Henrik"]
[Result "1-0"]
[WhiteElo "2287"]
[BlackElo "1849"]
[PlyCount "55"]
[EventDate "2012.08.02"]

1. c4 Nf6 2. g3 g6 3. Bg2 Bg7 4. Nf3 d6 5. O-O O-O 6. Nc3 c6 7. d3 Nbd7 8. Rb1
Rb8 9. b4 e5 10. b5 Qc7 11. bxc6 bxc6 12. Rxb8 Nxb8 13. Qa4 Nbd7 14. Nd2 Nb8
15. Ba3 Bd7 16. Rb1 c5 17. Nb5 a6 18. Nxc7 Bxa4 19. Ne4 Nxe4 20. Bxe4 a5 21.
Rb6 Rd8 22. Bc1 h6 23. Bd2 Bd1 24. Kf1 Bf8 25. Bxa5 Nd7 26. Rb1 Ba4 27. Nd5 Re8
28. Nc3 1-0

[Event "Olomouc Chess Summer 2012 - Open Olomouc"]
[Site "Olomouc (CZE), Hotel Flora"]
[Date "2012.08.02"]
[Round "1.14"]
[White "Vlcek, Antonin"]
[Black "Nikolaev, Leonid"]
[Result "0-1"]
[WhiteElo "1846"]
[BlackElo "2271"]
[PlyCount "48"]
[EventDate "2012.08.02"]

1. e4 c5 2. Nf3 d6 3. d4 cxd4 4. Nxd4 Nf6 5. Nc3 Nc6 6. Be2 e6 7. Bg5 Be7 8.
Qd2 a6 9. O-O-O Bd7 10. h4 Qc7 11. Nxc6 Bxc6 12. Bf3 Rd8 13. Rhe1 b5 14. Qe3
O-O 15. Nd5 exd5 16. exd5 Bd7 17. Qxe7 Rde8 18. Bxf6 Rxe7 19. Bxe7 Bf5 20. c3
Rc8 21. g4 Bd7 22. Rd4 h6 23. g5 Qb6 24. gxh6 Qxd4 0-1

[Event "Olomouc Chess Summer 2012 - Open Olomouc"]
[Site "Olomouc (CZE), Hotel Flora"]
[Date "2012.08.02"]
[Round "1.15"]
[White "Cagasik, Tomas"]
[Black "Schwarz, Matthias"]
[Result "1-0"]
[WhiteElo "2266"]
[BlackElo "1841"]
[PlyCount "57"]
[EventDate "2012.08.02"]

1. c4 d6 2. g3 g6 3. Bg2 Bg7 4. Nc3 Nc6 5. Nf3 e6 6. O-O Nge7 7. d3 f5 8. Bd2
O-O 9. Qc1 Qd7 10. Rb1 Nd8 11. b4 c6 12. h4 e5 13. b5 Ne6 14. Ng5 d5 15. bxc6
bxc6 16. cxd5 cxd5 17. Nxe6 Qxe6 18. Nb5 Rb8 19. Qc5 Bd7 20. Nc7 Qc6 21. Qxe7
Qxc7 22. Bxd5+ Kh8 23. Rxb8 Rxb8 24. Rc1 Qd8 25. Qxd8+ Rxd8 26. Rc7 Bb5 27. Bg5
Rxd5 28. Rc8+ Bf8 29. Bh6 1-0

[Event "Olomouc Chess Summer 2012 - Open seniorù"]
[Site "Olomouc (CZE), Hotel Flora"]
[Date "2012.08.02"]
[Round "2.1"]
[White "Vorobyov, Yrij"]
[Black "Zdrazil, Bohumir"]
[Result "1-0"]
[WhiteElo "2254"]
[BlackElo "1917"]
[PlyCount "55"]
[EventDate "2012.08.01"]

1. Nf3 Nf6 2. c4 e6 3. g3 d5 4. b3 c6 5. Bg2 Nbd7 6. Bb2 Qb6 7. Qc2 dxc4 8.
bxc4 Be7 9. O-O Nc5 10. Nc3 Qc7 11. d4 Ncd7 12. e4 O-O 13. e5 Ne8 14. Ne4 f5
15. exf6 Ndxf6 16. Neg5 h6 17. Nh3 Nh5 18. Ne5 Rf6 19. f4 g6 20. Nxg6 Bb4 21.
d5 Bc5+ 22. Kh1 Rf7 23. dxc6 bxc6 24. Ne5 Rg7 25. Nxc6 Nef6 26. Be5 Qb6 27.
Rab1 Qa6 28. Nb8 1-0

[Event "Olomouc Chess Summer 2012 - Open seniorù"]
[Site "Olomouc (CZE), Hotel Flora"]
[Date "2012.08.02"]
[Round "2.2"]
[White "Fiala, Jiri"]
[Black "Burda, Josef"]
[Result "1-0"]
[WhiteElo "2006"]
[BlackElo "1901"]
[PlyCount "21"]
[EventDate "2012.08.01"]

1. d4 Nf6 2. c4 e6 3. Nc3 d5 4. e3 b6 5. cxd5 exd5 6. Nf3 Bb7 7. Qa4+ Qd7 8.
Qc2 c6 9. Bd3 Na6 10. a3 c5 11. Bb5 1-0

[Event "Olomouc Chess Summer 2012 - Open seniorù"]
[Site "Olomouc (CZE), Hotel Flora"]
[Date "2012.08.02"]
[Round "2.3"]
[White "Puobis, Jozef"]
[Black "Laszkiewicz, Jerzy"]
[Result "1/2-1/2"]
[WhiteElo "1908"]
[BlackElo "1974"]
[PlyCount "27"]
[EventDate "2012.08.01"]

1. e4 c5 2. Nf3 Nc6 3. Bb5 e6 4. O-O Nge7 5. Nc3 a6 6. Bxc6 Nxc6 7. d3 Be7 8.
Be3 O-O 9. Qd2 d5 10. exd5 exd5 11. d4 c4 12. h3 Bb4 13. Ne5 f6 14. Nxc6
1/2-1/2